000 00818nam a22002297a 4500
003 koha_MIRAKIL
005 20260204101355.0
008 260204b tur||||| |||| 00| 0 tur d
020 _a9786053749295
040 _aTR-IsEVY
_btur
_cTR-IsEVY
082 _aFIC KAR/K
100 _aKara, Gözde Ertürk
245 0 _aKaravan yollarda :
_bAnkara /
_cGözde Ertürk Kara, Tülay Taş ; resimleyen Büşra Çakmak.
250 _a6. bs.
260 _aİstanbul :
_bFinal Kültür Sanat Yayınları,
_c2025.
300 _a24 s. :
_brenkli resimli ;
_c18 cm.
490 0 _aOkuyan Fil Serisi.
650 _aÇocuk Edebiyatı.
_vResimli Kitaplar.
_vMilli Değerler.
_vÇevre Bilinci.
_vTarihi ve Kültürel Miras.
_vAnkara.
700 1 _aÇakmak, Büşra.
_cresimleyen.
700 1 _aTaş, Tülay.
_cyazar.
942 _2ddc
_cBK
999 _c23280
_d23280